University Home | Library Home | Institutional Repository

Semantics. (Record no. 170358)

MARC details
000 -LEADER
fixed length control field 00765cam0a220025300 4500
001 - CONTROL NUMBER
control field zam00002551
008 - FIXED-LENGTH DATA ELEMENTS--GENERAL INFORMATION
fixed length control field 951128s1983 xx eng u
035 ## - SYSTEM CONTROL NUMBER
System control number (Sirsi) r19904
035 ## - SYSTEM CONTROL NUMBER
System control number (MACHINE)SLC.
100 ## - MAIN ENTRY--PERSONAL NAME
Personal name Hurford, J. R.
Linkage A81009.1
245 10 - TITLE STATEMENT
Title Semantics.
260 ## - PUBLICATION, DISTRIBUTION, ETC.
Date of publication, distribution, etc. 1983.
591 ## -
-- Class code: E 310.
591 ## -
-- Course: Advanced English grammar.
591 ## -
-- School: S05.
591 ## -
-- Lecturer: Mr. HIRST, S.B.
591 ## -
-- Number of Students: 96.
949 ## - LOCAL PROCESSING INFORMATION (OCLC)
a P325
w lcc
i 33729000113030
m MAIN
p 2500
t SHORTLOAN
l SHORTLOAN
949 ## - LOCAL PROCESSING INFORMATION (OCLC)
a P325
w lcc
i -18111
m MAIN
t BOOK
l ON-SHELF
949 ## - LOCAL PROCESSING INFORMATION (OCLC)
a P325
w lcc
i -18112
m MAIN
t BOOK
l ON-SHELF
900 ## - EQUIVALENCE OR CROSS-REFERENCE-PERSONAL NAME [LOCAL, CANADA]
-- MAIN
Field link and sequence number P325
-- HUR
Titles and other words associated with a name 3
909 ## -
-- Book

No items available.

© 2026 - The University of Zambia Library - Koha v25.11